Gente indestructible /

Guardado en:
Formato: Deslizar
Series:Mundo de descubrimientos
Materias:
Etiquetas: Agregar Etiqueta
Sin Etiquetas, Sea el primero en etiquetar este registro!
LEADER 00941ngm a22002655g 4500
001 CEM.cems021496
008 130507b1992##################0###0#####d
005 20240826184721.0
245 0 0 |a Gente indestructible / 
300 |a 35 
490 0 |a Mundo de descubrimientos 
500 |a En soporte VHS, consultar en ventanilla. 
505 0 |a El proceso de fecundación humano. Embarazo. El feto y su apariencia. Parto. Niños prematuros. La tecnología como medio para solucionar problemas de nacimiento e imposibilidades físicas. 
538 |a Soporte: VHS - Norma: Pal N - Color - Grabación Drd 1992 - Hitachi=2656 
082 6 1 |/ VIA 
653 |a FISIOLOGIA 
653 |a REPRODUCCION HUMANA 
653 |a EMBARAZO 
653 |a PARTO 
653 |a ANATOMIA 
653 |a FECUNDACION 
653 |a PREMATUROS 
653 |a FETO 
653 |a TECNOLOGIA MEDICA 
859 |a CEMS  |b BIB. CEMS - Depto. Recursos Didacticos  |h 612  |i VIA  |k DRD  |p 139.12  |t Ej.1